Butterworths residential landlord and tenant handbook (Record no. 107381)
[ view plain ]
| 000 -LEADER | |
|---|---|
| fixed length control field | 01423cam a2200277 4500 |
| 001 - CONTROL NUMBER | |
| control field | L139951 |
| 008 - FIXED-LENGTH DATA ELEMENTS--GENERAL INFORMATION | |
| fixed length control field | #DATE n2007 xxk f 001 0 eng d |
| 020 ## - INTERNATIONAL STANDARD BOOK NUMBER | |
| International Standard Book Number | 9781405725415 |
| 035 ## - SYSTEM CONTROL NUMBER | |
| System control number | (Sirsi) u139951 |
| 041 0# - LANGUAGE CODE | |
| Language code of text/sound track or separate title | eng |
| 050 04 - LIBRARY OF CONGRESS CALL NUMBER | |
| Classification number | 346.4104342 $2 18 |
| 245 00 - TITLE STATEMENT | |
| Title | Butterworths residential landlord and tenant handbook |
| 250 ## - EDITION STATEMENT | |
| Edition statement | 4th ed. |
| 260 ## - PUBLICATION, DISTRIBUTION, ETC. | |
| Place of publication, distribution, etc. | London |
| Name of publisher, distributor, etc. | LexisNexis Butterworths |
| Date of publication, distribution, etc. | 2007 |
| 300 ## - PHYSICAL DESCRIPTION | |
| Extent | xxii, 1640p. |
| Dimensions | 25cm |
| 350 ## - PRICE (NR) (BK AM CF MU VM SE) [OBSOLETE] | |
| Price | 65 |
| 520 ## - SUMMARY, ETC. | |
| Summary, etc. | Reference guide for practioners in leasehold enfranchisement, the right to buy, assured, secure and protected tenancies, disrepair and other areas of landlord and tenant law. Incorporates major legislative developments since 1988, including the Commonhold and Leasehold Reform Act 2002 and the Housing Act 2004, and the subordinate legislation deriving from these Acts. Although there have been no major housing or landlord and tenant measures since the third edition, there has been some considerable amendment to landlord and tenant legislation which appears in the handbook, and all of these amendments have been incorporated. |
| 520 ## - SUMMARY, ETC. | |
| Summary, etc. | Supercedes third edition (ISBN: 0406969507). |
| 590 ## - LOCAL NOTE (RLIN) | |
| Local note | ka |
| 650 24 - SUBJECT ADDED ENTRY--TOPICAL TERM | |
| Topical term or geographic name entry element | HOUSING ACT 2004 |
| 650 24 - SUBJECT ADDED ENTRY--TOPICAL TERM | |
| Topical term or geographic name entry element | COMMONHOLD AND LEASEHOLD REFORM ACT 2002 |
| 651 #4 - SUBJECT ADDED ENTRY--GEOGRAPHIC NAME | |
| Geographic name | UNITED KINGDOM |
| 690 ## - LOCAL SUBJECT ADDED ENTRY--TOPICAL TERM (OCLC, RLIN) | |
| Topical term or geographic name as entry element | PROPERTY-RESIDENTIAL PROPERTY-RESIDENTIAL LANDLORD AND TENANT |
| 700 10 - ADDED ENTRY--PERSONAL NAME | |
| Personal name | Driscoll, James |
| 942 ## - ADDED ENTRY ELEMENTS (KOHA) | |
| Suppress in OPAC | 0 |
| Withdrawn status | Lost status | Source of classification or shelving scheme | Damaged status | Not for loan | Home library | Current library | Shelving location | Date acquired | Cost, normal purchase price | Total Checkouts | Full call number | Barcode | Date last seen | Date last checked out | Copy number | Cost, replacement price | Price effective from | Koha item type |
|---|---|---|---|---|---|---|---|---|---|---|---|---|---|---|---|---|---|---|
| Dewey Decimal Classification | London | London | Basement | 13/09/2007 | 65.00 | 11 | 346.4104342 DRI | 30074009 | 06/08/2019 | 31/03/2010 | 1 | 65.00 | 06/08/2019 | Book |